000
00257nam a22001217a 4500
999
_c
53722
_d
53722
008
181224b xxu||||| |||| 00| 0 eng d
041
_a
eng
080
_a
540
100
_a
12
101
_a
KIM
245
_a
Health Chemistry
_c
Herron,J.D
942
_2
udc
_c
BK